banner-ar

MINOR HEAD TRAUMA: ASSESSMENT, MANAGEMENT AND REHABILITAION / (Record no. 22045)

MARC details
000 -الفاتح
حقل البيانات ثابتة الطول 00583nam a2200205Ia 4500
008 - عناصر البيانات ثابتة الطول - معلومات عامة
حقل البيانات ثابتة الطول 140319s9999 xx 000 0 eng d
040 ## - مصدر الفهرسة
وكالة الفهرسة الأصلية GCL /
وكالة النسخ GCL
082 04 - رقم تصنيف ديوى العشرى
رقم التصنيف 617.481044
رقم المادة M M
100 1# - المدخل الرئيسى - إسم شخصى
الإسم الشخصى MANDEL, STEVEN
245 10 - بيان العنوان
العنوان MINOR HEAD TRAUMA: ASSESSMENT, MANAGEMENT AND REHABILITAION /
بيان المسئوليه,etc MANDEL, STEVEN
700 1# - المدخل الاضافى - اسم شخصى
الإسم الشخصى SATALAFF, ROBERT THAYER
700 1# - المدخل الاضافى - اسم شخصى
الإسم الشخصى SCHAPIRO, SARITA
260 ## - PUBLICATION, DISTRIBUTION, ETC. (IMPRINT)
تاريخ النشر أو التوزيع 1993
300 ## - الوصف المادى
التعداد 347 P
650 04 - المدخل الاضافى بالموضوع-مصطلح موضوعى
مصطلح موضوعي PATIENTS
650 04 - المدخل الاضافى بالموضوع-مصطلح موضوعى
مصطلح موضوعي REHABILITATION
650 04 - المدخل الاضافى بالموضوع-مصطلح موضوعى
مصطلح موضوعي BRAIN DAMAGE - COMPLICATION
942 ## - عناصر المدخل الإضافي( كوها)
مصدر التصنيف او مخطط الترفيف Dewey Decimal Classification
Koha [default] item type كتاب
260 ## - PUBLICATION, DISTRIBUTION, ETC. (IMPRINT)
-- [S.N] :
-- SPRINGER - VERLAG ،
Holdings
حالة التراجع حالة الفقد حالة تلف ليس للاعارة المكان المؤقت الموقع الحالى تاريخ الاكتساب اجمالي اﻻعارات رقم الطلب الباركود تاريخ اخر مشاهدة تاريخ تفعيل السعر نوع وعاء كوها
        مكتبة القاهرة الكبرى مكتبة القاهرة الكبرى 03/26/2014   617.481044\M M 40249 03/26/2014 03/26/2014 كتاب

Powered By

EGPV